BIBLIOTHÈQUE DE LA MAISON DU MEXIQUE

Logo 1 Logo 2

Cárdenas de cerca (notice nᵒ 668)

détails MARC
000 -Sello discográfico
campo de control de longitud fija 00873nam a2200301 4500
005 - Identificación de versión
campo de control 20251125140937.0
010 ## - Número Estándar Internacional de Libros (ISBN)
Número (ISBN) 968-406-436-5
035 ## - Otros números de control del sistema
Número de control del sistema 20365
099 ## - fechas locales
Tipo de ítem Koha LIBRO
100 ## - Datos de procesamiento general
Datos de procesamiento general 19960117d1994 m y1spay5003 ba
105 ## - Campo de datos codificados: Material textual, monográfico
Datos codificados de monografía a 001zy
200 1# - Título y mención de responsabilidad
Título propio Cárdenas de cerca
Designación general del material texto impreso
Primer mención de responsabilidad Paco Ignacio Taibo II
205 ## - Declaración de edición
Declaración de edición 1a reimpr de la 1a ed
210 ## - Publicación, distribución, etc.
Lugar de publicación, distribución, etc. México
Nombre del editor, distribuidor, etc. Editorial Planeta
Fecha de publicación, distribución, etc. 1994
215 ## - Descripción física
Designación de material específico y extensión del ítem 157 p
Otras características físicas fot.
Dimensiones 21 cm
345 ## - Nota de información de adquisición
Fuente de adquisición/dirección de la suscripción [OBSOLETO] Compra
410 #1 - Series
Título Colección México Vivo
600 ## - Nombre personal usado como materia
Elemento de entrada Cárdenas Solórzano
Parte del nombre distinta del elemento de entrada Cuauhtémoc
Fechas 1929-
Subdivisión temática Biografía
Número Koha 1878
660 ## - Código de área geográfica
Código MX
700 ## - Nombre personal - Responsabilidad primaria
Elemento de entrada Taibo Mahojo
Parte del nombre distinta del elemento de entrada Francisco Ignacio
Números romanos II
Fechas 1949-
Adiciones a los nombres que no sean fechas Paco Ignacio
Número Koha 843
801 #0 - Fuente de origen
Agencia cm
900 ## -
-- 1/12179
900 ## -
-- 710961671\\170196
942 ## - ELEMENTOS DE ENTRADA SECUNDARIOS (KOHA)
Tipo de ítem Koha Livre
996 ## -
-- MEX
-- 751145101
-- MMAG
-- 005834
-- 920 C266T
-- 20220114LIV
Exemplaires
Estatus retirado Estado de daño Estado de pérdida Fecha de adquisición Biblioteca de origen Biblioteca actual Ubicación en estantería Código de barras Precio de reemplazo Signatura topográfica completa No para préstamo Tipo de ítem Koha Nota pública Nota no pública
      05/08/2025 Casa México Paris Casa México Paris   005834 05/08/2025 920 C266T   Livre 20220114LIV 751145101